NFL Week 10 Fantasy Leaders 2024-2025 - Statistics

General Stats
  • This quiz has been taken 171 times
  • The average score is 9 of 20
Answer Stats
Position Points Player % Correct
WR 55.4 Ja'Marr Chase
98%
QB 32.9 Lamar Jackson
93%
QB 33.7 Joe Burrow
83%
QB 20.2 Josh Allen
75%
QB 30.7 Jalen Hurts
67%
RB 22.4 Chase Brown
63%
TE 20.4 Travis Kelce
53%
QB 19.1 Russell Wilson
49%
RB 29.4 Bijan Robinson
37%
QB 23.8 Brock Purdy
37%
QB 28.7 Kyler Murray
37%
QB 19.8 Justin Herbert
36%
WR 20.5 George Pickens
33%
RB 24.9 Chuba Hubbard
26%
RB 22.3 James Conner
26%
QB 20.5 Derek Carr
21%
WR 25.4 Calvin Ridley
14%
WR 25.9 Marquez Valdes-Scantling
10%
QB 19.1 Will Levis
10%
WR 20.5 Tylan Wallace
6%
No matching quizzes found
Score Distribution
Percent of People with Each Score
Percentile by Number Answered
Your Score History
You have not taken this quiz